000 00482nam a2200181Ia 4500
003 GCL
008 140319s9999 xx 000 0 eng d
040 _aGCL /
_cGCL
082 0 4 _a953
_bB L
100 1 _aBUTT, GERALD
245 1 0 _aTHE LION IN THE SAND: THE BRITISH IN THE MIDDLE EAST /
_cBUTT, GERALD
260 _a[S.N] :
_bBLOOMSBURY ،
_c1995
300 _a215 P
650 0 4 _aARABIC COUNTRIES
650 0 4 _aARAB COUNTRIES - HISTORY
650 0 4 _aPOLICY
942 _2ddc
_cBK
999 _c25597
_d25597